Partidos cantonales, sistema de partidos y elección directa de Alcaldes en Costa Rica: ámbitos para la discusión /
Se introduce una discusión sobre los sistemas de partidos y la naturaleza de los micropartidos y se evalúa lo que ha sido su presencia en la escena política costarricense en los últimos años. Se analiza la participación de estas agrupaciones en las primeras elecciones de alcalde.
Gardado en:
| Autor Principal: | |
|---|---|
| Formato: | Texto |
| Materias: | |
| Etiquetas: |
Engadir etiqueta
Sen Etiquetas, Sexa o primeiro en etiquetar este rexistro!
|
MARC
| LEADER | 00000 a a2200000 04500 | ||
|---|---|---|---|
| 001 | 43302 | ||
| 003 | |||
| 040 | |||
| 100 | |a Blanco Lizano, Randall | ||
| 245 | |a Partidos cantonales, sistema de partidos y elección directa de Alcaldes en Costa Rica: |b ámbitos para la discusión / |c Randall Blanco Lizano | ||
| 520 | |a Se introduce una discusión sobre los sistemas de partidos y la naturaleza de los micropartidos y se evalúa lo que ha sido su presencia en la escena política costarricense en los últimos años. Se analiza la participación de estas agrupaciones en las primeras elecciones de alcalde. | ||
| 590 | |a RRA/JUNIO2012 | ||
| 650 | |a 1.PARTIDOS POLITICOS | ||
| 650 | |a 2.PLANO LOCAL | ||
| 650 | |a 3.ELECCIONES | ||
| 650 | |a 4.ANALISIS SOCIOLOGICOS | ||
| 650 | |a 5.ASPECTOS JURIDICOS | ||
| 650 | |a 6.COSTA RICA | ||
| 773 | |g páginas 137-178 | ||
| 999 | |c 31550 |d 31550 | ||
| 773 | 0 | |0 6376 |9 703 |a Rivera A., Roy |d San José, Costa Rica : FLACSO |o 08637 |t Los partidos locales y la democracia en los microterritorios de Costa Rica: |w (cru CIDCACS/IIS)43299 |z 9977-68-135-X | |



